Premier League Appearances by Nationality: Morocco - Statistics

General Stats
  • This quiz has been taken 13 times
  • The average score is 2 of 10
Answer Stats
Appearances Player % Correct
64 Hakim Ziyech
67%
110 Romain Saiss
50%
103 Marouane Chamakh
42%
86 Adel Taarabt
33%
70 Sofiane Boufal
25%
97 Mustapha Hadji
17%
86 Talal El Karkouri
8%
112 Hassan Kachloul
0%
61 Tahar El Khalej
0%
65 Youssef Chippo
0%
No matching quizzes found
Score Distribution
Percent of People with Each Score
Percentile by Number Answered
Your Score History
You have not taken this quiz